Statistics for Γρήγορη αντίστροφη πληκτρολόγηση Ω-Α

Click here to take the quiz!

General Stats

  • This quiz has been taken 129 times
  • The average score is 5 of 24

Answer Stats

Γράμματα% Correct
Ω
91%
Ψ
73%
Χ
70%
Φ
45%
Υ
36%
Τ
27%
Σ
23%
Α
20%
Ρ
18%
Π
15%
Ο
15%
Ξ
11%
Ν
8%
Λ
8%
Κ
8%
Β
8%
Μ
8%
Γ
6%
Δ
5%
Ι
3%
Η
3%
Ζ
3%
Ε
3%
Θ
2%

Score Distribution

Percentile by Number Answered

Percent of People with Each Score

Your Score History

You have not taken this quiz